<?xml version="1.0" encoding="UTF-8"?>
<collection xmlns:xsi="http://www.w3.org/2001/XMLSchema-instance" xsi:schemaLocation="http://www.loc.gov/MARC21/slim http://www.loc.gov/standards/marcxml/schema/MARC21slim.xsd" xmlns="http://www.loc.gov/MARC21/slim">
 <record>
  <leader>00000cmm a22000004i 4500</leader>
  <controlfield tag="001">UP-99796217611983818</controlfield>
  <controlfield tag="003">Buklod</controlfield>
  <controlfield tag="005">20230215105418.0</controlfield>
  <controlfield tag="006">m    |o  d |      </controlfield>
  <controlfield tag="007">ta</controlfield>
  <controlfield tag="008">100824s2011    enk     o  u        eng d</controlfield>
  <datafield tag="020" ind1=" " ind2=" ">
   <subfield code="z">9780470976807 (e-PDF)</subfield>
  </datafield>
  <datafield tag="020" ind1=" " ind2=" ">
   <subfield code="z">9780470976814 (online ISBN)</subfield>
  </datafield>
  <datafield tag="035" ind1=" " ind2=" ">
   <subfield code="a">(iLib)UPD-00254212123</subfield>
  </datafield>
  <datafield tag="040" ind1=" " ind2=" ">
   <subfield code="a">CaPaEBR</subfield>
   <subfield code="d">DENGII</subfield>
   <subfield code="e">rda</subfield>
  </datafield>
  <datafield tag="041" ind1="0" ind2=" ">
   <subfield code="a">eng</subfield>
  </datafield>
  <datafield tag="084" ind1=" " ind2=" ">
   <subfield code="a">TK 5105.5956</subfield>
   <subfield code="b">Q67 2011eb</subfield>
  </datafield>
  <datafield tag="245" ind1="0" ind2="0">
   <subfield code="a">QOS-enabled networks</subfield>
   <subfield code="b">tools and foundations</subfield>
   <subfield code="c">edited by Miguel Barreiros, Peter Lundqvist.</subfield>
  </datafield>
  <datafield tag="264" ind1=" " ind2="1">
   <subfield code="a">Chichester, West Sussex, United Kingdom</subfield>
   <subfield code="b">Wiley</subfield>
   <subfield code="c">2011.</subfield>
  </datafield>
  <datafield tag="300" ind1=" " ind2=" ">
   <subfield code="a">1 online resource.</subfield>
  </datafield>
  <datafield tag="504" ind1=" " ind2=" ">
   <subfield code="a">Includes bibliographical references and index.</subfield>
  </datafield>
  <datafield tag="506" ind1=" " ind2=" ">
   <subfield code="a">IP based subscription, on campus and remote access.</subfield>
   <subfield code="c">Access via Electronic Resources of the UPD Engineering Library and University Library websites.</subfield>
  </datafield>
  <datafield tag="530" ind1=" " ind2=" ">
   <subfield code="a">Also available in print version.</subfield>
  </datafield>
  <datafield tag="650" ind1=" " ind2="0">
   <subfield code="a">Computer networks</subfield>
   <subfield code="x">Quality control.</subfield>
  </datafield>
  <datafield tag="650" ind1=" " ind2="0">
   <subfield code="a">Packet switching (Data transmission)</subfield>
  </datafield>
  <datafield tag="650" ind1=" " ind2="0">
   <subfield code="a">Telecommunication</subfield>
   <subfield code="x">Quality control.</subfield>
  </datafield>
  <datafield tag="650" ind1=" " ind2="0">
   <subfield code="a">Telecommunication</subfield>
   <subfield code="x">Customer services.</subfield>
  </datafield>
  <datafield tag="650" ind1=" " ind2="0">
   <subfield code="a">Telecommunication systems</subfield>
   <subfield code="x">Evaluation.</subfield>
  </datafield>
  <datafield tag="650" ind1=" " ind2="0">
   <subfield code="a">Electronic books.</subfield>
  </datafield>
  <datafield tag="700" ind1="1" ind2=" ">
   <subfield code="a">Barreiros, Miguel</subfield>
   <subfield code="d">1977-</subfield>
   <subfield code="e">editor.</subfield>
  </datafield>
  <datafield tag="700" ind1="1" ind2=" ">
   <subfield code="a">Lundqvist, Peter</subfield>
   <subfield code="d">1968-</subfield>
   <subfield code="e">editor.</subfield>
  </datafield>
  <datafield tag="776" ind1="0" ind2=" ">
   <subfield code="z">9780470686973</subfield>
   <subfield code="w">E2-2111.</subfield>
  </datafield>
  <datafield tag="842" ind1=" " ind2=" ">
   <subfield code="a">Electronic Resource</subfield>
  </datafield>
  <datafield tag="856" ind1="4" ind2="0">
   <subfield code="u">https://dx.doi.org/10.1002/9780470976814</subfield>
   <subfield code="z">Available for University of the Philippines Diliman via Wiley Online Library. Click here to access</subfield>
  </datafield>
  <datafield tag="856" ind1="4" ind2="0">
   <subfield code="u">https://www-onlinelibrary.wiley-com.ezproxy.engglib.upd.edu.ph/book/10.1002/9780470976814</subfield>
   <subfield code="z">Also available remotely for University of the Philippines Diliman via Wiley Online Library. Click here to access thru EZproxy</subfield>
  </datafield>
  <datafield tag="856" ind1="4" ind2="0">
   <subfield code="u">https://ieeexplore.ieee.org/servlet/opac?bknumber=8039978</subfield>
   <subfield code="z">Available for University of the Philippines Diliman College of Engineering via IEEE Xplore. Click here to access</subfield>
  </datafield>
  <datafield tag="856" ind1="4" ind2="0">
   <subfield code="u">https://ieeexplore.ieee.org.ezproxy.engglib.upd.edu.ph/book/8039978</subfield>
   <subfield code="z">Also available remotely for University of the Philippines Diliman College of Engineering via IEEE Xplore. Click here to access thru EZproxy</subfield>
  </datafield>
  <datafield tag="856" ind1=" " ind2=" ">
   <subfield code="z">(viewed 31 January 2019)</subfield>
  </datafield>
  <datafield tag="905" ind1=" " ind2=" ">
   <subfield code="a">FO</subfield>
  </datafield>
  <datafield tag="852" ind1="0" ind2=" ">
   <subfield code="a">UPD</subfield>
   <subfield code="b">DENG-II</subfield>
  </datafield>
  <datafield tag="942" ind1=" " ind2=" ">
   <subfield code="a">Electronic Resource</subfield>
  </datafield>
 </record>
</collection>
